[Event "Levice op"]
[Site "Levice"]
[Date "2018.08.05"]
[Round "7"]
[White "Machnik, Jan"]
[Black "Nadzamova, Rebeka"]
[Result "1/2-1/2"]
[WhiteElo "1541"]
[BlackElo "1714"]
[PlyCount "20"]
[EventDate "2018.08.02"]
[EventType "swiss"]
[EventRounds "7"]
[EventCountry "SVK"]
[SourceTitle "CBM 185 Extra"]
[Source "ChessBase"]
[SourceDate "2018.07.29"]
[SourceVersion "1"]
[SourceVersionDate "2018.07.29"]
[SourceQuality "1"]

1. Nf3 Nf6 2. g3 b6 3. Bg2 Bb7 4. b3 g6 5. Bb2 Bg7 6. d3 d6 7. 0-0 0-0 8. c4 e6 9. Qc2 Nbd7 10. Nbd2 c5 1/2-1/2